Statistics for Countries of the Holy Roman Empire Today

Click here to take the quiz!

General Stats

  • This quiz has been taken 329 times
  • The average score is 13 of 16

Answer Stats

Country% Correct
Italy
99%
Germany
98%
France
96%
Austria
95%
Belgium
92%
Netherlands
92%
Poland
91%
Czech Republic
87%
Switzerland
87%
Luxembourg
82%
Slovenia
79%
Liechtenstein
73%
Croatia
68%
Monaco
66%
Spain
65%
Andorra
59%

Score Distribution

Percentile by Number Answered

Percent of People with Each Score

Your Score History

You have not taken this quiz